[Event "GRE-chT U16 9th"]
[Site "Thessaloniki"]
[Date "2016.12.15"]
[Round "1.3"]
[White "Haralabidis, Aristidis"]
[Black "Fotiadis, Nikolaos"]
[Result "1/2-1/2"]
[WhiteElo "1207"]
[BlackElo "1178"]
[PlyCount "92"]
[EventDate "2016.12.15"]
[EventType "team-swiss"]
[EventRounds "6"]
[EventCountry "GRE"]
[SourceTitle "CBM 176 Extra"]
[Source "ChessBase"]
[SourceDate "2017.03.02"]
[SourceVersion "1"]
[SourceVersionDate "2017.03.02"]
[SourceQuality "1"]
[WhiteTeam "Polichnis"]
[BlackTeam "Volou SE"]
[WhiteTeamCountry "GRE"]
[BlackTeamCountry "GRE"]

1. e4 e5 2. Nf3 Nc6 3. d4 exd4 4. Nxd4 Nf6 5. Nc3 Bb4 6. Qd3 0-0 7. Bd2 Re8 8. f3 Bxc3 9. Bxc3 Ne5 10. Qe3 d5 11. Bd3 Nxd3+ 12. cxd3 dxe4 13. dxe4 Nd5 14. Qd2 Nxc3 15. Qxc3 f5 16. Qc4+ Kh8 17. Ne2 fxe4 18. fxe4 Qh4+ 19. Ng3 Bf5 20. 0-0 Bxe4 21. Rfe1 b5 22. Rxe4 Qxg3 23. hxg3 bxc4 24. Rae1 Rxe4 25. Rxe4 h6 26. Rxc4 Rc8 27. Rb4 Rd8 28. Rb7 Rd2 29. Rxc7 Rxb2 30. Rxa7 g6 31. a4 Kg8 32. a5 Kf8 33. a6 Ra2 34. Ra8+ Kf7 35. a7 Kg7 36. g4 Kh7 37. Kh2 Kg7 38. Kg3 g5 39. Kf3 Kh7 40. Ke4 Kg7 41. Kd5 Ra1 42. Kc6 Rc1+ 43. Kb5 Rb1+ 44. Ka4 Ra1+ 45. Kb3 Ra6 46. Kb4 Ra1 1/2-1/2